[Event "Guelph ProAm int"]
[Site "Guelph CAN"]
[Date "2002.08.08"]
[Round "2"]
[White "Fedorowicz, John"]
[Black "Pushkedra, Frank"]
[Result "1/2-1/2"]
[WhiteElo "2545"]
[BlackElo "2303"]
[PlyCount "43"]
[EventDate "2002.08.07"]
[EventType "swiss"]
[EventRounds "9"]
[EventCountry "CAN"]

1. d4 Nf6 2. c4 g6 3. Nc3 Bg7 4. e4 d6 5. Nf3 O-O 6. Be2 e5 7. O-O Nc6 8. d5
Ne7 9. b4 Ne8 10. Nd2 f5 11. c5 f4 12. Bg4 Nf6 13. Bxc8 Rxc8 14. f3 g5 15. Nc4
Ng6 16. a4 Rf7 17. Na5 Rb8 18. Ba3 Bf8 19. Rc1 Rg7 20. Rf2 g4 21. Rfc2 Nh4 22.
Kh1 1/2-1/2

[Event "Guelph ProAm int"]
[Site "Guelph CAN"]
[Date "2002.08.08"]
[Round "2"]
[White "Findlay, Ian"]
[Black "Predescu, Sebastian"]
[Result "1/2-1/2"]
[WhiteElo "2385"]
[BlackElo "2113"]
[PlyCount "68"]
[EventDate "2002.08.07"]
[EventType "swiss"]
[EventRounds "9"]
[EventCountry "CAN"]

1. e4 c5 2. Nf3 d6 3. d4 cxd4 4. Nxd4 Nf6 5. Nc3 a6 6. Be2 e5 7. Nb3 Be7 8. Be3
Nbd7 9. a4 b6 10. O-O O-O 11. f4 Bb7 12. Bf3 Rc8 13. Qd2 Qc7 14. Rae1 exf4 15.
Bxf4 Ne5 16. Qf2 Nfd7 17. Nd4 Bf6 18. Rd1 Nc4 19. Bc1 Nc5 20. b3 Ne5 21. Nd5
Bxd5 22. exd5 Ncd7 23. c4 Nxf3+ 24. Qxf3 Bxd4+ 25. Rxd4 Ne5 26. Qf2 b5 27. axb5
axb5 28. Bf4 f6 29. h3 bxc4 30. bxc4 Qb6 31. Rc1 Rc5 32. Rd2 Qc7 33. Bxe5 fxe5
34. Qe2 Rc8 1/2-1/2

[Event "Guelph ProAm int"]
[Site "Guelph CAN"]
[Date "2002.08.08"]
[Round "2"]
[White "Hacatoglu, Kevork"]
[Black "Hamilton, Robert"]
[Result "0-1"]
[WhiteElo "2245"]
[BlackElo "2370"]
[PlyCount "80"]
[EventDate "2002.08.07"]
[EventType "swiss"]
[EventRounds "9"]
[EventCountry "CAN"]

1. e4 c5 2. Nf3 e6 3. d4 cxd4 4. Nxd4 a6 5. Bd3 Bc5 6. Nb3 Be7 7. O-O d6 8. c4
Nf6 9. Nc3 O-O 10. Qe2 Qc7 11. Bf4 Nbd7 12. Rac1 b6 13. Na4 Qc6 14. Nd4 Qc7 15.
b4 Re8 16. Bg3 Ne5 17. Bb1 Bd7 18. Nb2 Qb7 19. f4 Nc6 20. Nb3 e5 21. b5 Na5 22.
Nd3 Nxe4 23. fxe5 Nxg3 24. hxg3 Nxb3 25. Nc5 Nxc5 26. Bxh7+ Kf8 27. Qh5 Be6 28.
Be4 Bg5 29. Bxb7 Be3+ 30. Kh2 Nxb7 31. bxa6 Ke7 32. Qh4+ g5 33. axb7 gxh4 34.
bxa8=Q hxg3+ 35. Kxg3 Rxa8 36. exd6+ Kxd6 37. Rc2 Kc5 38. Rf3 Bd4 39. Kh4 Rg8
40. a3 f6 0-1

[Event "Guelph ProAm int"]
[Site "Guelph CAN"]
[Date "2002.08.08"]
[Round "2"]
[White "Kret, Ted"]
[Black "Rolfe, Warrick"]
[Result "1-0"]
[WhiteElo "2149"]
[BlackElo "2221"]
[PlyCount "67"]
[EventDate "2002.08.07"]
[EventType "swiss"]
[EventRounds "9"]
[EventCountry "CAN"]

1. d4 Nf6 2. c4 g6 3. Nc3 Bg7 4. e4 d6 5. f4 O-O 6. Nf3 c5 7. d5 e6 8. Be2 exd5
9. cxd5 Re8 10. e5 dxe5 11. fxe5 Ng4 12. Bg5 Qb6 13. O-O Nxe5 14. d6 Nxf3+ 15.
Bxf3 Bd4+ 16. Kh1 Qxd6 17. Bd5 Be6 18. Bxb7 Nd7 19. Bxa8 Rxa8 20. Nb5 Qb6 21.
Nxd4 cxd4 22. Qf3 Rc8 23. Rac1 Rxc1 24. Rxc1 Qxb2 25. Bh6 f6 26. Qa8+ Kf7 27.
Qh8 Bd5 28. Qxh7+ Ke6 29. Qxg6 Qxa2 30. Re1+ Ne5 31. Bf4 Kd7 32. Qg7+ Nf7 33.
Rc1 Bc6 34. Qg4+ 1-0

[Event "Guelph ProAm int"]
[Site "Guelph CAN"]
[Date "2002.08.08"]
[Round "2"]
[White "Krnan, Tomas"]
[Black "Schleifer, Michael"]
[Result "1/2-1/2"]
[WhiteElo "2165"]
[BlackElo "2398"]
[PlyCount "92"]
[EventDate "2002.08.07"]
[EventType "swiss"]
[EventRounds "9"]
[EventCountry "CAN"]

1. e4 e6 2. d3 d5 3. Nd2 dxe4 4. dxe4 Bc5 5. Ngf3 Ne7 6. Be2 Nbc6 7. O-O O-O 8.
c3 e5 9. Qc2 Ng6 10. Nc4 a6 11. Rd1 Qe7 12. b4 Ba7 13. a4 Re8 14. Ne3 Nf4 15.
Nd5 Nxd5 16. exd5 Nd8 17. h3 h6 18. Qb3 e4 19. Nd4 Qe5 20. Be3 Kh8 21. Nc2 f5
22. Bxa7 Rxa7 23. Qc4 Ra8 24. Qd4 f4 25. Qxe5 Rxe5 26. c4 Nf7 27. c5 Bd7 28.
Bc4 Ng5 29. Nd4 e3 30. f3 Nh7 31. b5 Nf6 32. bxa6 bxa6 33. Ne2 g5 34. c6 Bf5
35. Nd4 Ne8 36. Nxf5 Rxf5 37. Rab1 Nd6 38. Be2 a5 39. Rbc1 Rff8 40. Rc5 Rfb8
41. Bb5 Kg7 42. Kf1 Kf6 43. Ke2 h5 44. Rb1 Ke5 45. Kd3 h4 46. Rb3 Rb6 1/2-1/2

[Event "Guelph ProAm int"]
[Site "Guelph CAN"]
[Date "2002.08.08"]
[Round "2"]
[White "Legky, Nikolay"]
[Black "Jung, Hans"]
[Result "1-0"]
[WhiteElo "2488"]
[BlackElo "2270"]
[PlyCount "79"]
[EventDate "2002.08.07"]
[EventType "swiss"]
[EventRounds "9"]
[EventCountry "CAN"]

1. d4 d5 2. c4 c6 3. cxd5 cxd5 4. Nc3 Nc6 5. Nf3 Nf6 6. Bf4 e6 7. e3 Bd6 8. Bg3
O-O 9. Bd3 Re8 10. Bh4 e5 11. dxe5 Nxe5 12. O-O Be6 13. Bb5 Rf8 14. Be2 Ng6 15.
Bg3 Bxg3 16. hxg3 Qb6 17. Nb5 a6 18. Qd4 Qd8 19. Nc3 Ne7 20. Rfd1 Nc6 21. Qh4
Qa5 22. Nd4 Nxd4 23. Rxd4 Rac8 24. Rad1 Rc6 25. Bf3 Rc4 26. g4 Rxd4 27. Rxd4 h6
28. g5 hxg5 29. Qxg5 b5 30. Rh4 b4 31. Ne4 Nxe4 32. Bxe4 f5 33. Bf3 b3 34. axb3
Qe1+ 35. Kh2 Qxf2 36. Rh6 Bf7 37. Rh3 Qxb2 38. Qxf5 g6 39. Qg5 Qxb3 40. Qe5 1-0

[Event "Guelph ProAm int"]
[Site "Guelph CAN"]
[Date "2002.08.08"]
[Round "2"]
[White "Miletic, Damir"]
[Black "Cummings, David"]
[Result "0-1"]
[WhiteElo "2229"]
[BlackElo "2474"]
[PlyCount "40"]
[EventDate "2002.08.07"]
[EventType "swiss"]
[EventRounds "9"]
[EventCountry "CAN"]

1. d4 Nf6 2. Nf3 e6 3. c4 b6 4. Nc3 Bb4 5. Qc2 Bb7 6. Bd2 O-O 7. a3 Bxc3 8.
Bxc3 Ne4 9. e3 f5 10. Nd2 Nxc3 11. Qxc3 Qf6 12. O-O-O d6 13. f4 Nd7 14. Rg1 c5
15. Nf3 Rfd8 16. Be2 Rac8 17. g4 fxg4 18. Rxg4 Bxf3 19. Bxf3 cxd4 20. Qd3 Nc5
0-1

[Event "Guelph ProAm int"]
[Site "Guelph CAN"]
[Date "2002.08.08"]
[Round "2"]
[White "Obrovac, Zvonko"]
[Black "Ivanov, Igor V"]
[Result "1-0"]
[WhiteElo "2014"]
[BlackElo "2489"]
[PlyCount "55"]
[EventDate "2002.08.07"]
[EventType "swiss"]
[EventRounds "9"]
[EventCountry "CAN"]

1. Nf3 d5 2. c4 c6 3. b3 Bg4 4. Ne5 Bh5 5. g4 Bg6 6. Nxg6 hxg6 7. Bg2 e6 8. Bb2
Qh4 9. h3 Nf6 10. e3 Nbd7 11. d3 Nc5 12. a3 dxc4 13. bxc4 O-O-O 14. d4 Nxg4 15.
O-O f5 16. Nd2 Nd3 17. Qe2 Nxb2 18. Nf3 Qe7 19. Qxb2 Nf6 20. Ne5 Rh6 21. Rfb1
Qc7 22. c5 g5 23. Bxc6 bxc6 24. Qe2 Rd7 25. Qa6+ Kd8 26. Nxc6+ Ke8 27. Rb8+ Kf7
28. Ne5+ 1-0

[Event "Guelph ProAm int"]
[Site "Guelph CAN"]
[Date "2002.08.08"]
[Round "2"]
[White "Ochkoos, Jura"]
[Black "Degraeve, Jean Marc"]
[Result "0-1"]
[WhiteElo "2341"]
[BlackElo "2635"]
[PlyCount "110"]
[EventDate "2002.08.07"]
[EventType "swiss"]
[EventRounds "9"]
[EventCountry "CAN"]

1. e4 c5 2. c3 Nf6 3. e5 Nd5 4. d4 cxd4 5. Nf3 e6 6. cxd4 d6 7. a3 Bd7 8. Bc4
Bc6 9. O-O Nd7 10. Re1 Be7 11. Bxd5 Bxd5 12. Nc3 Nb6 13. Bf4 O-O 14. exd6 Bxd6
15. Bxd6 Qxd6 16. Ne5 Rac8 17. Nb5 Qb8 18. Nc3 Bc6 19. Qg4 Qd6 20. Re3 f5 21.
Qh4 Nd5 22. Nxc6 Rxc6 23. Rh3 h6 24. Rg3 Rfc8 25. Rc1 Nf4 26. Re3 Nd5 27. Rg3
Qf4 28. Qxf4 Nxf4 29. Kf1 Kf7 30. Rf3 g5 31. Rd1 Rd8 32. d5 Nxd5 33. Nxd5 Rcd6
34. Rh3 exd5 35. Rb3 R8d7 36. Ke2 Rc6 37. Kd3 Rc4 38. Re1 Rg4 39. g3 Re4 40.
Rc1 f4 41. Rb5 fxg3 42. hxg3 Re6 43. Kd4 Re2 44. Rf1 Kg6 45. Kd3 Re6 46. Kd4 h5
47. f3 Re2 48. f4 h4 49. f5+ Kf6 50. gxh4 gxh4 51. Rb3 Re4+ 52. Kd3 h3 53. Kd2
Rh7 54. Rbf3 Rg4 55. Rh1 Rg2+ 0-1

[Event "Guelph ProAm int"]
[Site "Guelph CAN"]
[Date "2002.08.08"]
[Round "2"]
[White "Patterson, Roger"]
[Black "Buscar, Michael"]
[Result "1/2-1/2"]
[WhiteElo "2225"]
[BlackElo "2041"]
[PlyCount "56"]
[EventDate "2002.08.07"]
[EventType "swiss"]
[EventRounds "9"]
[EventCountry "CAN"]

1. e4 e5 2. Nf3 Nf6 3. Nxe5 d6 4. Nf3 Nxe4 5. d4 d5 6. Bd3 Nc6 7. O-O Be7 8.
Re1 Bf5 9. c4 Nb4 10. Bf1 O-O 11. a3 Nc6 12. Nc3 Nxc3 13. bxc3 Bf6 14. Bf4 Na5
15. cxd5 Qxd5 16. Qa4 b6 17. c4 Qc6 18. Qb4 Qd7 19. Rad1 Rad8 20. d5 c5 21. Qd2
Qa4 22. Be5 Bxe5 23. Rxe5 Bg4 24. Re4 Nb3 25. Qe3 Nd4 26. Rxg4 Qxd1 27. Rxg7+
Kxg7 28. Qg5+ Kh8 1/2-1/2

[Event "Guelph ProAm int"]
[Site "Guelph CAN"]
[Date "2002.08.08"]
[Round "2"]
[White "Saint Amand, Paul"]
[Black "Day, Lawrence"]
[Result "1/2-1/2"]
[WhiteElo "2149"]
[BlackElo "2433"]
[PlyCount "29"]
[EventDate "2002.08.07"]
[EventType "swiss"]
[EventRounds "9"]
[EventCountry "CAN"]

1. e4 b6 2. d4 Bb7 3. Nd2 e6 4. Ngf3 g6 5. Bd3 Bg7 6. O-O Ne7 7. Re1 d6 8. Nf1
Nd7 9. Be3 h6 10. Ng3 a6 11. Qd2 Nf6 12. Qe2 d5 13. e5 Nd7 14. Nd2 c5 15. c3
1/2-1/2

[Event "Guelph ProAm int"]
[Site "Guelph CAN"]
[Date "2002.08.08"]
[Round "2"]
[White "Schmidt, Tom"]
[Black "Rodina, Nataliya"]
[Result "1-0"]
[WhiteElo "2218"]
[BlackElo "1879"]
[PlyCount "99"]
[EventDate "2002.08.07"]
[EventType "swiss"]
[EventRounds "9"]
[EventCountry "CAN"]

1. e4 c5 2. Nf3 Nc6 3. d4 cxd4 4. Nxd4 Nf6 5. Nc3 e5 6. Ndb5 d6 7. Bg5 a6 8.
Na3 b5 9. Nd5 Be7 10. Bxf6 Bxf6 11. c3 Bg5 12. Nc2 f5 13. exf5 Bxf5 14. a4 Rb8
15. axb5 axb5 16. Ra6 Ne7 17. Ncb4 Be4 18. Qh5+ Kf8 19. Qxg5 Nxd5 20. Qxd8+
Rxd8 21. Nxd5 Bxd5 22. Bxb5 Bxg2 23. Rg1 Be4 24. Ra7 g6 25. Kd2 Rb8 26. c4 Rb7
27. Rga1 Rg8 28. Ke3 Rxa7 29. Rxa7 Bf5 30. Rxh7 Rg7 31. Rxg7 Kxg7 32. Bc6 Kf6
33. b4 Kg5 34. b5 Kh4 35. b6 Bc8 36. b7 Bxb7 37. Bxb7 Kh3 38. f4 exf4+ 39. Kxf4
Kxh2 40. Kg5 Kg3 41. Kxg6 Kf4 42. Kf6 Ke3 43. Ke6 Kd4 44. Bd5 Kc5 45. Kd7 Kb6
46. Kxd6 Ka7 47. Kd7 Kb6 48. Kd6 Ka7 49. c5 Kb8 50. Kd7 1-0

[Event "Guelph ProAm int"]
[Site "Guelph CAN"]
[Date "2002.08.08"]
[Round "2"]
[White "Tyomkin, Dimitri"]
[Black "Peredun, Andrew"]
[Result "1-0"]
[WhiteElo "2519"]
[BlackElo "2286"]
[PlyCount "69"]
[EventDate "2002.08.07"]
[EventType "swiss"]
[EventRounds "9"]
[EventCountry "CAN"]

1. d4 Nf6 2. c4 g6 3. Nc3 Bg7 4. e4 d6 5. h3 c6 6. Bd3 e5 7. d5 O-O 8. Bg5 h6
9. Be3 cxd5 10. cxd5 Nbd7 11. Nge2 Nc5 12. Bc2 a5 13. a3 a4 14. g4 Qa5 15. f3
Nfd7 16. Nc1 b5 17. Bd2 Qd8 18. Qe2 Ba6 19. Nd3 Qh4+ 20. Kd1 Nxd3 21. Bxd3 Nc5
22. Bxb5 Bxb5 23. Nxb5 f5 24. gxf5 gxf5 25. Nxd6 fxe4 26. Nxe4 Nb3 27. Rc1 Nxc1
28. Kxc1 Qh5 29. Rg1 Qxf3 30. Qxf3 Rxf3 31. Bxh6 Ra7 32. d6 Rd3 33. Kc2 Rd4 34.
Be3 Rxe4 35. Bxa7 1-0

[Event "Guelph ProAm int"]
[Site "Guelph CAN"]
[Date "2002.08.08"]
[Round "2"]
[White "Urquhart, Eddie"]
[Black "Wight, Keith"]
[Result "1-0"]
[WhiteElo "2288"]
[BlackElo "2147"]
[PlyCount "31"]
[EventDate "2002.08.07"]
[EventType "swiss"]
[EventRounds "9"]
[EventCountry "CAN"]

1. e4 c5 2. Nc3 Nc6 3. f4 g6 4. Nf3 Bg7 5. a3 e6 6. b4 cxb4 7. axb4 Nge7 8. b5
Nd4 9. e5 Nef5 10. Ba3 d6 11. Nxd4 Nxd4 12. Bxd6 Bd7 13. Bc5 Bc8 14. Ne4 Qd5
15. Bd3 b6 16. c4 1-0

[Event "Guelph ProAm int"]
[Site "Guelph CAN"]
[Date "2002.08.08"]
[Round "2"]
[White "Zubac, Marius"]
[Black "Kagramanov, Dina"]
[Result "0-1"]
[WhiteElo "2242"]
[BlackElo "2067"]
[PlyCount "130"]
[EventDate "2002.08.07"]
[EventType "swiss"]
[EventRounds "9"]
[EventCountry "CAN"]

1. d4 d5 2. c4 c6 3. Nf3 e6 4. cxd5 exd5 5. Nc3 Bd6 6. Qc2 Bg4 7. h3 Bh5 8. e3
Bg6 9. Bd3 Bxd3 10. Qxd3 Nf6 11. Bd2 O-O 12. Ne5 Nbd7 13. f4 Re8 14. O-O c5 15.
Be1 c4 16. Qf5 Nb6 17. Bh4 Be7 18. a4 g6 19. Qc2 a5 20. f5 Ne4 21. fxg6 fxg6
22. Bxe7 Qxe7 23. Nxe4 dxe4 24. Qxe4 Rf8 25. Rxf8+ Rxf8 26. Rf1 Rxf1+ 27. Kxf1
Kg7 28. Ke2 Nxa4 29. d5 c3 30. b3 Nc5 31. Qd4 c2 32. Ng4+ Kf7 33. Qh8 Qg5 34.
Qxh7+ Ke8 35. Qg8+ Kd7 36. Kd2 Qf5 37. Qg7+ Kc8 38. Qc3 Qxd5+ 39. Kxc2 Qxg2+
40. Kb1 Qh1+ 41. Kb2 b6 42. e4 Qxe4 43. Ne5 Kb7 44. Ka3 g5 45. Nc4 Qe7 46. Qf3+
Ka7 47. Ka2 Na6 48. Kb2 Nb4 49. Kc3 Qg7+ 50. Kd2 Qd4+ 51. Ke1 Qd7 52. Qf6 Nc2+
53. Ke2 Nd4+ 54. Ke3 Qe6+ 55. Qxe6 Nxe6 56. Ke4 Nc5+ 57. Kf5 Nxb3 58. Kxg5 b5
59. Nd6 Nd4 60. Kf4 Kb6 61. h4 Ne6+ 62. Ke5 Ng7 63. Kd5 a4 64. Ne4 a3 65. Kd4
a2 0-1

[Event "Guelph ProAm int"]
[Site "Guelph CAN"]
[Date "2002.08.08"]
[Round "3"]
[White "Boulay, David"]
[Black "Rodina, Nataliya"]
[Result "1-0"]
[WhiteElo "2151"]
[BlackElo "1879"]
[PlyCount "91"]
[EventDate "2002.08.07"]
[EventType "swiss"]
[EventRounds "9"]
[EventCountry "CAN"]

1. e4 c5 2. Nf3 Nc6 3. Nc3 d6 4. d4 cxd4 5. Nxd4 e5 6. Nb3 Nf6 7. Be2 Be7 8.
O-O Be6 9. Be3 O-O 10. f3 d5 11. exd5 Nxd5 12. Nxd5 Bxd5 13. c4 Be6 14. Qxd8
Rfxd8 15. Rfd1 Rac8 16. Rac1 g6 17. Nc5 Bxc5 18. Bxc5 Nd4 19. Bxd4 Rxd4 20.
Rxd4 exd4 21. b3 Rd8 22. Bd3 h5 23. Kf2 Kg7 24. Rc2 Kf6 25. Ke2 Ke5 26. Kd2 Rd7
27. Rc1 f5 28. Re1+ Kf6 29. f4 Rd6 30. h4 Bd7 31. c5 Rd5 32. b4 Bc6 33. b5 Bd7
34. Rc1 Ke7 35. Be2 Bc8 36. Bf3 Rd7 37. Kd3 Kd8 38. Rc4 Kc7 39. Rxd4 Re7 40.
Kd2 Bd7 41. a4 a6 42. b6+ Kc8 43. a5 Re6 44. Bxb7+ Kxb7 45. Rxd7+ Kc8 46. Rd6
1-0

[Event "Guelph ProAm int"]
[Site "Guelph CAN"]
[Date "2002.08.08"]
[Round "3"]
[White "Day, Lawrence"]
[Black "Hacatoglu, Kevork"]
[Result "0-1"]
[WhiteElo "2433"]
[BlackElo "2245"]
[PlyCount "165"]
[EventDate "2002.08.07"]
[EventType "swiss"]
[EventRounds "9"]
[EventCountry "CAN"]

1. g3 e5 2. c4 Nf6 3. Bg2 c6 4. d4 e4 5. Nc3 d5 6. Bg5 Be6 7. Qb3 Be7 8. cxd5
cxd5 9. Bxf6 Bxf6 10. e3 Qd7 11. Nge2 Nc6 12. Nf4 Rd8 13. h4 O-O 14. O-O-O Na5
15. Qb5 Qxb5 16. Nxb5 a6 17. Nc3 b5 18. Kb1 Rfe8 19. Rc1 Be7 20. Bh3 Bb4 21.
Nce2 Bd6 22. b3 Kf8 23. Kb2 Ke7 24. Rc2 Rc8 25. Nxd5+ Kd8 26. Rxc8+ Kxc8 27.
Ndf4 Bxh3 28. Nxh3 Kd7 29. Rc1 Nc6 30. a3 Ne7 31. Nhf4 g6 32. Nc3 Rc8 33. b4
Bxf4 34. exf4 f5 35. Ne2 Rxc1 36. Nxc1 Kd6 37. Nb3 Kd5 38. Kc3 Nc6 39. Nc5 Nxd4
40. Nxa6 Ne6 41. a4 bxa4 42. b5 a3 43. Kb3 Nd4+ 44. Kxa3 Nxb5+ 45. Kb4 Nd6 46.
Nc7+ Kd4 47. Ne6+ Kd3 48. Kc5 Ke2 49. Kxd6 Kxf2 50. Ke5 e3 51. Nd4 e2 52. Nxe2
Kxe2 53. h5 Kf3 54. h6 Kxg3 55. Kf6 Kxf4 56. Kg7 g5 57. Kxh7 g4 58. Kg8 g3 59.
h7 g2 60. h8=Q g1=Q+ 61. Kf7 Qa7+ 62. Ke6 Qb6+ 63. Kd5 Qb5+ 64. Kd6 Qb4+ 65.
Kd5 Qe4+ 66. Kd6 Ke3 67. Qh3+ Qf3 68. Qh7 f4 69. Ke5 Qc6 70. Qa7+ Kf3 71. Qa3+
Kg4 72. Qb4 Qe8+ 73. Kd4 Qe3+ 74. Kd5 Kg3 75. Qb8 Kf2 76. Qh8 f3 77. Qh2+ Ke1
78. Qh1+ Ke2 79. Qh5 Kd2 80. Kc6 f2 81. Qb5 Qf3+ 82. Kc7 f1=Q 83. Qb6 0-1

[Event "Guelph ProAm int"]
[Site "Guelph CAN"]
[Date "2002.08.08"]
[Round "3"]
[White "Demmery, Steve"]
[Black "Milicevic, Goran"]
[Result "0-1"]
[WhiteElo "2160"]
[BlackElo "2414"]
[PlyCount "108"]
[EventDate "2002.08.07"]
[EventType "swiss"]
[EventRounds "9"]
[EventCountry "CAN"]

1. d4 Nf6 2. c4 e6 3. Nf3 Nc6 4. g3 d5 5. Bg2 dxc4 6. O-O Rb8 7. a4 a6 8. a5 b5
9. axb6 cxb6 10. Bf4 Bd6 11. Ne5 Ne7 12. Nxc4 Bxf4 13. gxf4 O-O 14. e3 Ned5 15.
Nbd2 Bb7 16. Ne5 Qe7 17. Qb3 Nb4 18. Bxb7 Rxb7 19. Rfc1 Nfd5 20. Rc4 a5 21. Ne4
f6 22. Nc6 Nxc6 23. Rxc6 Qe8 24. Rac1 Qg6+ 25. Ng3 Qf7 26. Rc8 f5 27. Qd1 Rb8
28. R8c6 b5 29. Nf1 Qg6+ 30. Kh1 h6 31. Qe2 Qf7 32. Nd2 Qb7 33. Kg1 Rf6 34. Qf3
a4 35. R6c5 Rg6+ 36. Kh1 Kh7 37. Rg1 Rxg1+ 38. Kxg1 b4 39. Nc4 a3 40. bxa3 bxa3
41. Nxa3 Ra8 42. Nc2 Qb1+ 43. Kg2 Ra2 44. e4 Ne7 45. Qd3 Ng6 46. Qf1 Nxf4+ 47.
Kg1 Qb3 48. Ne3 Ne2+ 49. Kh1 f4 50. Nc2 Rxc2 51. Rxc2 Qxc2 52. d5 Qxe4+ 53. f3
Qd3 54. dxe6 Ng3+ 0-1

[Event "Guelph ProAm int"]
[Site "Guelph CAN"]
[Date "2002.08.08"]
[Round "3"]
[White "Dougherty, Michael"]
[Black "Egorov, Mikhail"]
[Result "1/2-1/2"]
[WhiteElo "2404"]
[BlackElo "2092"]
[PlyCount "71"]
[EventDate "2002.08.07"]
[EventType "swiss"]
[EventRounds "9"]
[EventCountry "CAN"]

1. d4 Nf6 2. c4 g6 3. Nc3 d5 4. Nf3 Bg7 5. Qb3 dxc4 6. Qxc4 O-O 7. e4 Na6 8.
Bg5 h6 9. Bh4 c5 10. d5 e6 11. Be2 exd5 12. exd5 Qb6 13. O-O Bf5 14. Qb5 Qxb5
15. Bxb5 Nb4 16. Bc4 g5 17. Bg3 Ne4 18. Be5 Nd2 19. Bxg7 Nxf3+ 20. gxf3 Kxg7
21. Ne4 Nc2 22. Rac1 Nd4 23. Kg2 g4 24. Nxc5 gxf3+ 25. Kg3 Kf6 26. Kf4 Rae8 27.
Rcd1 Rg8 28. Rxd4 Rg4+ 29. Kxf3 Rxd4 30. b3 Bg4+ 31. Kg3 Rg8 32. f3 Bf5+ 33.
Kf2 b6 34. Ne4+ Bxe4 35. Ke3 Bxd5 36. Kxd4 1/2-1/2

[Event "Guelph ProAm int"]
[Site "Guelph CAN"]
[Date "2002.08.08"]
[Round "3"]
[White "Garcia, Alvaro"]
[Black "Brice, Ron"]
[Result "1-0"]
[WhiteElo "2266"]
[BlackElo "2070"]
[PlyCount "79"]
[EventDate "2002.08.07"]
[EventType "swiss"]
[EventRounds "9"]
[EventCountry "CAN"]

1. d4 Nf6 2. c4 c5 3. d5 e6 4. Nc3 exd5 5. cxd5 d6 6. Bf4 Nh5 7. Qa4+ Bd7 8.
Qe4+ Qe7 9. Bxd6 Qxe4 10. Nxe4 Na6 11. Bxf8 Rxf8 12. O-O-O O-O-O 13. e3 Bf5 14.
Nc3 Nc7 15. f3 Bg6 16. g4 Nf6 17. e4 h6 18. h4 a6 19. Nh3 Rfe8 20. Nf4 Bh7 21.
g5 Nd7 22. Bh3 Kb8 23. Bxd7 Rxd7 24. Rhg1 hxg5 25. Rxg5 f6 26. Rh5 Bg8 27. Rh8
Bf7 28. Rxe8+ Nxe8 29. Rg1 Kc7 30. Kd2 b5 31. Ke3 Kd6 32. Nd3 c4 33. Nf4 Ke5
34. Nce2 Bg8 35. Nd4 Nc7 36. Nf5 Ne8 37. h5 a5 38. a3 Ra7 39. Nd4 Nc7 40. Nc6+
1-0

[Event "Guelph ProAm int"]
[Site "Guelph CAN"]
[Date "2002.08.08"]
[Round "3"]
[White "Hamilton, Robert"]
[Black "Tyomkin, Dimitri"]
[Result "1/2-1/2"]
[WhiteElo "2370"]
[BlackElo "2519"]
[PlyCount "67"]
[EventDate "2002.08.07"]
[EventType "swiss"]
[EventRounds "9"]
[EventCountry "CAN"]

1. d4 Nf6 2. Nf3 g6 3. Bg5 Bg7 4. Nbd2 O-O 5. e3 d6 6. c3 c5 7. Bxf6 Bxf6 8.
dxc5 dxc5 9. Ne4 Qb6 10. Nxf6+ exf6 11. Qb3 Be6 12. Qxb6 axb6 13. g3 Rd8 14.
Be2 Nc6 15. Rd1 Na5 16. Rxd8+ Rxd8 17. Nd2 f5 18. Bb5 Bd5 19. f3 Bc6 20. Bxc6
Nxc6 21. Ke2 Ne5 22. Rd1 b5 23. f4 Ng4 24. h3 Nf6 25. Ne4 Rxd1 26. Nxf6+ Kg7
27. Ne8+ Kf8 28. Kxd1 Kxe8 29. Ke2 Kd7 30. Kd3 Kd6 31. c4 Kc6 32. b3 bxc4+ 33.
Kxc4 b5+ 34. Kc3 1/2-1/2

[Event "Guelph ProAm int"]
[Site "Guelph CAN"]
[Date "2002.08.08"]
[Round "3"]
[White "Jung, Hans"]
[Black "Kret, Ted"]
[Result "1-0"]
[WhiteElo "2270"]
[BlackElo "2149"]
[PlyCount "77"]
[EventDate "2002.08.07"]
[EventType "swiss"]
[EventRounds "9"]
[EventCountry "CAN"]

1. e4 e6 2. d3 d5 3. Nd2 c5 4. g3 Nc6 5. Bg2 Nf6 6. Ngf3 Be7 7. O-O O-O 8. e5
Nd7 9. Re1 b5 10. a4 bxa4 11. Rxa4 Qc7 12. Qe2 Nb4 13. Nf1 a5 14. Bg5 Bxg5 15.
Nxg5 h6 16. Nh3 Ba6 17. Ra3 c4 18. Rc3 Nc5 19. dxc4 Na4 20. Qd2 Nxc3 21. bxc3
Nc6 22. cxd5 exd5 23. e6 fxe6 24. Rxe6 Ne7 25. Nf4 Bb7 26. Ne3 Rad8 27. Qd3
Rxf4 28. gxf4 Bc8 29. Re5 Bb7 30. Bxd5+ Nxd5 31. Nxd5 Qd6 32. c4 Kh8 33. Qe4
Bc6 34. Re6 Qd7 35. Qe5 a4 36. h3 Re8 37. f5 a3 38. Kh2 Bb7 39. Rxe8+ 1-0

[Event "Guelph ProAm int"]
[Site "Guelph CAN"]
[Date "2002.08.08"]
[Round "3"]
[White "Kagramanov, Dina"]
[Black "Miletic, Damir"]
[Result "1-0"]
[WhiteElo "2057"]
[BlackElo "2229"]
[PlyCount "65"]
[EventDate "2002.08.07"]
[EventType "swiss"]
[EventRounds "9"]
[EventCountry "CAN"]

1. e4 e5 2. Nf3 Nc6 3. Bc4 Be7 4. d3 d6 5. c3 Nf6 6. Nbd2 O-O 7. O-O Na5 8. Bb5
a6 9. Ba4 b5 10. Bc2 c5 11. d4 Nc6 12. d5 Nb8 13. Re1 Ne8 14. Nf1 g6 15. Bh6
Ng7 16. a4 Bb7 17. Qe2 c4 18. axb5 axb5 19. Rxa8 Bxa8 20. Ra1 Nd7 21. b3 cxb3
22. Bxb3 f5 23. exf5 Nc5 24. Qxb5 Qc7 25. Qc4 Qb7 26. Ba2 gxf5 27. Rb1 Qa7 28.
Nxe5 Ne4 29. Be3 Qa3 30. f3 Qxc3 31. Bd4 Qxc4 32. Bxc4 Nf6 33. Nc6 1-0

[Event "Guelph ProAm int"]
[Site "Guelph CAN"]
[Date "2002.08.08"]
[Round "3"]
[White "Legky, Nikolay"]
[Black "Obrovac, Zvonko"]
[Result "1-0"]
[WhiteElo "2488"]
[BlackElo "2014"]
[PlyCount "49"]
[EventDate "2002.08.07"]
[EventType "swiss"]
[EventRounds "9"]
[EventCountry "CAN"]

1. d4 Nf6 2. c4 g6 3. Nc3 d5 4. Nf3 Bg7 5. Bg5 Ne4 6. cxd5 Nxg5 7. Nxg5 e6 8.
Nf3 exd5 9. e3 O-O 10. b4 c6 11. Be2 a5 12. b5 c5 13. O-O Re8 14. Rc1 c4 15.
Ne5 f6 16. Nf3 Kh8 17. Re1 f5 18. Ne5 Bxe5 19. dxe5 Be6 20. Qd4 Qd7 21. Red1
Nc6 22. bxc6 bxc6 23. Bxc4 Qa7 24. Qxa7 Rxa7 25. Bb3 1-0

[Event "Guelph ProAm int"]
[Site "Guelph CAN"]
[Date "2002.08.08"]
[Round "3"]
[White "Mazock, Michael"]
[Black "Ochkoos, Jura"]
[Result "0-1"]
[WhiteElo "2193"]
[BlackElo "2341"]
[PlyCount "108"]
[EventDate "2002.08.07"]
[EventType "swiss"]
[EventRounds "9"]
[EventCountry "CAN"]

1. d4 d5 2. c4 e6 3. Nc3 c5 4. cxd5 exd5 5. Nf3 Nc6 6. Bg5 f6 7. Bf4 g5 8. Be3
c4 9. h3 Be6 10. g4 h5 11. gxh5 Rxh5 12. Bg2 Qd7 13. Qa4 Bb4 14. O-O-O Nge7 15.
Nd2 O-O-O 16. h4 gxh4 17. Bf4 Bd6 18. Bf3 Rhh8 19. Bxd6 Qxd6 20. Nb5 Qb8 21. e3
a6 22. Nc3 h3 23. b3 cxb3 24. Nxb3 Rdg8 25. Nc5 Qd6 26. Kd2 Bg4 27. Bxg4+ Rxg4
28. Nxb7 Kxb7 29. Rb1+ Kc7 30. Qxa6 Kd7 31. Nb5 Qb8 32. Na7 Qa8 33. Rb7+ Qxb7
34. Qxb7+ Kd6 35. Qb6 h2 36. Qb1 f5 37. Ke2 Rgg8 38. Qc1 Ke6 39. a4 Kf7 40. Kf3
Rh3+ 41. Ke2 f4 42. Qf1 f3+ 43. Kd3 Rg2 44. e4 dxe4+ 45. Kxe4 Rg4+ 46. Kd3
Rxd4+ 47. Kc2 Rhh4 48. Qb1 Rxa4 49. Qb3+ Ke8 50. Kd2 Rad4+ 51. Ke1 Rc4 52. Kd2
Rhd4+ 53. Ke3 Rf4 54. Qb5 Nf5+ 0-1